Research methods for leisure and tourism : a practical guide (Record no. 24941)

MARC details
000 -LEADER
fixed length control field 00457nam a22001697a 4500
003 - CONTROL NUMBER IDENTIFIER
control field OSt
005 - DATE AND TIME OF LATEST TRANSACTION
control field 20211229113724.0
008 - FIXED-LENGTH DATA ELEMENTS--GENERAL INFORMATION
fixed length control field 211229b |||||||| |||| 00| 0 eng d
020 ## - INTERNATIONAL STANDARD BOOK NUMBER
International Standard Book Number 0273620525
040 ## - CATALOGING SOURCE
Transcribing agency HU
082 ## - DEWEY DECIMAL CLASSIFICATION NUMBER
Edition number 2ND
Classification number 001.439104 VEA 1997
100 ## - MAIN ENTRY--PERSONAL NAME
Personal name Veal AJ
9 (RLIN) 26027
245 ## - TITLE STATEMENT
Title Research methods for leisure and tourism : a practical guide
260 ## - PUBLICATION, DISTRIBUTION, ETC.
Place of publication, distribution, etc. new york
Name of publisher, distributor, etc. prentice hall
Date of publication, distribution, etc. 1992
300 ## - PHYSICAL DESCRIPTION
Extent xv320 p
Dimensions 23
Type of unit pc
942 ## - ADDED ENTRY ELEMENTS (KOHA)
Source of classification or shelving scheme Dewey Decimal Classification
Koha item type Books like text book referance book
Suppress in OPAC No
Holdings
Withdrawn status Lost status Source of classification or shelving scheme Damaged status Not for loan Collection code Home library Current library Shelving location Date acquired Total Checkouts Full call number Barcode Date last seen Copy number Price effective from Koha item type
    Dewey Decimal Classification     Non-fiction Wondo Genet Library Wondo Genet Library General Stacks 12/29/2021   001.439104 VEA 1997 WGCFNRL00009936 12/29/2021 1 12/29/2021 Books like text book referance book